000 00793nam a2200253 i 4500
001 000012538
003 DO-SdBNP
005 20250210094413.0
007 ta
008 091113s1979 dr 001 0 spa d
040 _aDO-SdBNP
_bspa
_cBNPHU
_erda
082 4 _aRD863.44
_bH557c
_222
100 1 _aHernández Acosta, Ángel,
_d1922-
_929242
_eautor
_4aut.
245 1 0 _aCarnavá /
_cÁngel Atila Hernández Acosta.
264 1 _aSanto Domingo :
_bEditora Taller,
_c1979.
300 _a102 páginas ;
_c21 cm.
336 _atexto
_btxt
_2rdacontent
337 _asin mediación
_bn
_2rdamedia
338 _avolumen
_bnc
_2rdacarrier
490 1 _aBiblioteca taller
500 _aIncluye datos biográficos del autor en la página 5.
590 _aInventariado, 2022/ LP
942 _2ddc
_cLBS1
999 _c12193
_d12193